Online Catalogue and eLibrary

Feminist political theory : (Record no. 71)

MARC details
000 -LEADER
fixed length control field 00652cam a2200229 a 4500
001 - CONTROL NUMBER
control field 2030176
005 - DATE AND TIME OF LATEST TRANSACTION
control field 20231124020308.0
008 - FIXED-LENGTH DATA ELEMENTS--GENERAL INFORMATION
fixed length control field 920115r1992 nyu b 001 0 eng
020 ## - INTERNATIONAL STANDARD BOOK NUMBER
ISBN 1557785627 (cloth) :
020 ## - INTERNATIONAL STANDARD BOOK NUMBER
ISBN 1557785635 (paper) :
040 ## - CATALOGING SOURCE (பட்டியலாக்க மூலம்)
Original cataloging agency DLC
Transcribing agency DLC
Modifying agency DLC
082 00 - DDC Classification
Class No. 305.42/01
DDC Edition Number 20
Item Number - Author Mark VAL.
100 1# - MAIN ENTRY--PERSONAL NAME
Personal name Bryson, Valerie,
245 10 - TITLE STATEMENT
Title Feminist political theory :
Remainder of title an introduction /
Statement of responsibility, etc. Valerie Bryson ; foreword by Elizabeth Meehan.
260 ## - PUBLICATION, DISTRIBUTION, ETC.
Place of publication, distribution, etc. New York :
Name of publisher, distributor, etc. Paragon House,
Date of publication, distribution, etc. 1992.
300 ## - PHYSICAL DESCRIPTION
Extent (e.g. Volumes, Pages etc.) xiii, 304 p. ;
650 #0 - SUBJECT ADDED ENTRY--TOPICAL TERM
Topical term or geographic name entry element Feminist theory.
650 #0 - SUBJECT ADDED ENTRY--TOPICAL TERM
Topical term or geographic name entry element Political science.
650 #0 - SUBJECT ADDED ENTRY--TOPICAL TERM
Topical term or geographic name entry element Feminism
650 #0 - SUBJECT ADDED ENTRY--TOPICAL TERM
Topical term or geographic name entry element Feminism
942 ## - Koha item type (Biblio)
Koha item type Books in Stacks (Lending)
Holdings
Lost status Damaged status Collection code Home library Current library Date acquired Full call number Accession Number Item type
    Lending WERC Library WERC Library 11/24/2023 305.42/01 VAL. 5409 Books in Stacks (Lending)

© WERC Library